Energy and light
| Main Author: | |
|---|---|
| Format: | Book |
| Published: |
London :
Franklin Watts ,
1989
|
| Series: | Today's World
|
MARC
| LEADER | 00000cam a2200000 7i4500 | ||
|---|---|---|---|
| 001 | 0000034679 | ||
| 002 | 000037484 | ||
| 005 | 20030211.0 | ||
| 020 | |a 086313758X | ||
| 090 | 0 | 0 | |a 001 |b TOD |
| 100 | 1 | |a Lafferty, Peter | |
| 245 | 0 | 0 | |a Energy and light |c Peter Lafferty |
| 260 | |a London : |b Franklin Watts , |c 1989 | ||
| 300 | |a 35p. : |b ill ; |c 29cm. | ||
| 490 | 0 | |a Today's World | |
| 999 | |a 016221 |b BUKU |c JUNIOR REFERENCE |e PERPUSTAKAAN KOMUNITI PETALING JAYA | ||